| 000 | 00504nam a22001457a 4500 | ||
|---|---|---|---|
| 008 | 220916b |||||||| |||| 00| 0 eng d | ||
| 020 | _a0830824564 | ||
| 050 |
_aRef BS2555.2 _b.D53 2013 C.1 |
||
| 245 |
_aDictionary of Jesus and the gospels/ _cEdited by Joel B. Green, Jeannine K. Brown & Nicholas Perrin |
||
| 250 | _a2nd ed. | ||
| 260 |
_a Downers Gove, Illinois _bIVP Academic _c2013 |
||
| 300 | _axxxi, 1088p. | ||
| 650 |
_aBible _vGospel Dictionaries _xCriticism, interpretation |
||
| 942 |
_2lcc _cREF |
||
| 999 |
_c19493 _d19492 |
||